Digital Signal Processing : a system design approach (Record no. 66417)
[ view plain ]
| 000 -LEADER | |
|---|---|
| fixed length control field | 00491nam a22001817a 4500 |
| 003 - CONTROL NUMBER IDENTIFIER | |
| control field | NUST-PNEC |
| 005 - DATE AND TIME OF LATEST TRANSACTION | |
| control field | 20170116180951.0 |
| 008 - FIXED-LENGTH DATA ELEMENTS--GENERAL INFORMATION | |
| fixed length control field | 140328b xxu||||| |||| 00| 0 eng d |
| 020 ## - INTERNATIONAL STANDARD BOOK NUMBER | |
| International Standard Book Number | - |
| 040 ## - CATALOGING SOURCE | |
| Transcribing agency | LIBRARY |
| 082 ## - DEWEY DECIMAL CLASSIFICATION NUMBER | |
| Classification number | 621.38043 DEF |
| 100 ## - MAIN ENTRY--PERSONAL NAME | |
| 9 (RLIN) | 9134 |
| Personal name | Defatta, David J. |
| 245 ## - TITLE STATEMENT | |
| Title | Digital Signal Processing : a system design approach |
| Statement of responsibility, etc. | David J. Defatta |
| 260 ## - PUBLICATION, DISTRIBUTION, ETC. | |
| Date of publication, distribution, etc. | c.1988 |
| 300 ## - PHYSICAL DESCRIPTION | |
| Extent | xv, 968 p. : |
| Other physical details | ill. : |
| Dimensions | 24 cm |
| 650 ## - SUBJECT ADDED ENTRY--TOPICAL TERM | |
| General subdivision | MScom |
| 9 (RLIN) | 9132 |
| Topical term or geographic name entry element | System design |
| 942 ## - ADDED ENTRY ELEMENTS (KOHA) | |
| Source of classification or shelving scheme | |
| Koha item type | Book |
| Withdrawn status | Lost status | Source of classification or shelving scheme | Damaged status | Not for loan | Permanent Location | Current Location | Shelving location | Date acquired | Total Checkouts | Full call number | Barcode | Date last seen | Price effective from | Koha item type |
|---|---|---|---|---|---|---|---|---|---|---|---|---|---|---|
| Pakistan Navy Engineering College (PNEC) | Pakistan Navy Engineering College (PNEC) | 621.38043 DEF | PNECLIB-025109 | 09/12/2015 | Book | |||||||||
| Pakistan Navy Engineering College (PNEC) | Pakistan Navy Engineering College (PNEC) | 621.38043 DEF | PNECLIB-019167 | 09/17/2015 | Book | |||||||||
| Pakistan Navy Engineering College (PNEC) | Pakistan Navy Engineering College (PNEC) | 621.38043 DEF | PNECLIB-025108 | 09/17/2015 | Book | |||||||||
| Pakistan Navy Engineering College (PNEC) | Pakistan Navy Engineering College (PNEC) | 621.38043 DEF | PNECLIB-012034 | 09/17/2015 | Book | |||||||||
| Pakistan Navy Engineering College (PNEC) | Pakistan Navy Engineering College (PNEC) | 621.38043 DEF | PNECLIB-025110 | 09/17/2015 | Book | |||||||||
| Pakistan Navy Engineering College (PNEC) | Pakistan Navy Engineering College (PNEC) | 621.38043 DEF | PNECLIB-025107 | 09/17/2015 | Book | |||||||||
| Pakistan Navy Engineering College (PNEC) | Pakistan Navy Engineering College (PNEC) | 621.38043 DEF | PNECLIB-025111 | 09/24/2015 | Book |
